MARC

LEADER 00000nam0a2200000 4500
001 133489
005 20231031135334.0
035 |a (RuTPU)RU\TPU\book\144678 
090 |a 133489 
100 |a 20080318d1958 m y0rusy50 ca 
101 1 |a rus  |c eng 
102 |a RU 
105 |a a z 001zy 
200 1 |a Теория обыкновенных дифференциальных уравнений  |e пер. с англ.  |f Э. А. Коддингтон, Н. Левинсон 
210 |a Москва  |c Изд-во иностранной литературы  |d 1958 
215 |a 474с.  |c ил. 
320 |a Библиогр.: с. 457-462. 
610 1 |a существование 
610 1 |a единственность 
610 1 |a решение 
610 1 |a линейные уравнения 
610 1 |a дифференциальные уравнения 
610 1 |a линейные системы 
610 1 |a математика 
610 1 |a теоремы 
610 1 |a аналитическая теория 
610 1 |a аналитические дифференциальные уравнения 
610 1 |a теория возмущений 
675 |a 517.9  |v 3 
700 1 |a Коддингтон  |b Э. А. 
701 1 |a Левинсон  |b Н. 
801 1 |a RU  |b 63413507  |c 20080318  |g PSBO 
801 2 |a RU  |b 63413507  |c 20160809  |g PSBO 
942 |c BK